| Record ID | marc_records_scriblio_net/part05.dat:54860990:675 |
| Source | Scriblio |
| Download Link | /show-records/marc_records_scriblio_net/part05.dat:54860990:675?format=raw |
LEADER: 00675cam 22002051 4500
001 62014263
003 DLC
005 20050507165245.0
008 731023s1963 xx 000 0 eng
010 $a 62014263
035 $a(OCoLC)721914
040 $aDLC$cODW$dOCoLC$dFM$dOCoLC$dDLC
041 1 $aengrus
042 $apremarc
050 00 $aPZ4.S61827$bFan
100 1 $aTert︠s︡, Abram,$d1925-
245 10 $aFantastic stories,$cby Abram Tertz. [Translated from the Russian]
260 $aNew York,$bPantheon Books$c[1963]
300 $a213 p.$c22 cm.
505 0 $aYou and I. The icicle. Translated by M. Hayward. - Tenants. At the circus. Graphomaniacs. Translated by R. Hingley.